01678cam a22002413a 45000010005000000030006000050050017000110080041000280400015000690420007000840500007000911000054000982450072001522600029002245050953002535060030012065160020012366530035012566530034012916530042013258300028013678560041013956489PGUSA20140828083133.0040901s2004||||xxu|||||s|||||000 | eng d aPGUSAbeng adc 4aPZ1 aYonge, Charlotte M.q(Charlotte Mary),d1823-190112aA Book of Golden Deedsh[electronic resource] /cCharlotte M. Yonge bProject Gutenberg,c20040 aWhat is a golden deed? -- The stories of Alcestis and Antigone -- The cup of water -- How one man has saved a host -- The pass of Thermopylae -- The rock of the Capital -- The two friends of Syracuse -- The devotion of the Decii -- Regulus -- The brave brethren of Judah -- The chief of the Arverni -- Withstanding the monarch in his wrath -- The last fight in the Coliseum -- The shepherd girl of Nanterre -- Leo the slave -- The battle of the Blackwater -- Guzman El Bueno -- Faithful till death -- What is better than slaying a dragon -- The keys of Calais -- The Battle of Sempach -- The constant prince -- The carnival of Perth -- The crown of St. Stephen -- George the triller -- Sir Thomas More's daughter -- Under Ivan the Terrible -- Fort St. Elmo -- The voluntary convict -- The housewives of Lowenburg -- Fathers and sons -- The soldiers in the snow -- Gunpowder perils -- Heroes of the plague -- The second of September -- The Vendeans. aPublic domain in the USA. aElectronic text aVirtues -- Juvenile literature aHeroes -- Juvenile literature aSelf-sacrifice -- Juvenile literature 0aProject Gutenbergv648940uhttp://www.gutenberg.org/ebooks/6489